|
|
|
|
| LEADER |
00000nam0a2200000 4500 |
| 001 |
364259 |
| 005 |
20231102011654.0 |
| 035 |
|
|
|a (RuTPU)RU\TPU\retro\21617
|
| 090 |
|
|
|a 364259
|
| 100 |
|
|
|a 20211110d1981 km y0rusy50 ca
|
| 101 |
0 |
|
|a rus
|
| 102 |
|
|
|a RU
|
| 105 |
|
|
|a a g 000zy
|
| 200 |
1 |
|
|a Демократическая республика Афганистан
|e справочник
|f Академия наук СССР, Институт востоковедения ; отв. ред. М. Р. Арунова
|
| 210 |
|
|
|a Москва
|c Наука
|d 1981
|
| 215 |
|
|
|a 174 с.
|c табл.
|
| 606 |
1 |
|
|a Афганистан
|x Экономика
|2 stltpush
|3 (RuTPU)RU\TPU\subj\35862
|9 57426
|
| 610 |
1 |
|
|a демократические реформы
|
| 610 |
1 |
|
|a справочники
|
| 610 |
1 |
|
|a география
|
| 610 |
1 |
|
|a население
|
| 610 |
1 |
|
|a история
|
| 610 |
1 |
|
|a культура
|
| 610 |
1 |
|
|a политическое положение
|
| 686 |
|
|
|a У9(5Аф)я2
|v LBC/SL-A
|2 rubbk
|
| 702 |
|
1 |
|a Арунова
|b М. Р.
|4 340
|
| 712 |
0 |
2 |
|a Академия наук СССР
|b Институт востоковедения
|c (Москва)
|2 stltpush
|3 (RuTPU)RU\TPU\col\11263
|9 25002
|
| 801 |
|
1 |
|a RU
|b 63413507
|c 20211110
|
| 942 |
|
|
|c BK
|